000 00315nam a22001337a 4500
008 170807b xxu||||| |||| 00| 0 eng d
020 _a9780878358182
041 _aeng
080 _a004
100 _a33
101 _aSHKI
245 _aSYSTEMS ANALYSIS, DESIGN, AND IMPLEMENTATION
_cBURCH, J.G
942 _2udc
_cBK
999 _c22760
_d22760